000
00305nam a2200121Ia 4500
008
241028s9999 xx 000 0 und d
041
_a
eng
082
_a
382 DAW
100
_a
Cameron Dawson
245
_a
International Trade
260
_b
Larsen And Keller Education
_a
USA
_c
2019
300
_a
253;. P. 27 cm
999
_c
42787
_d
42787